[Event "World Junior U20 Open 2018"]
[Site "Gebze"]
[Date "2018.09.13"]
[Round "9.80"]
[White "Rajic, Ivan"]
[Black "Yaran, Siar"]
[Result "0-1"]
[WhiteElo "2021"]
[BlackElo "2271"]
[Annotator "NA"]
[PlyCount "98"]
[EventDate "2018.09.05"]
[EventType "swiss"]
[EventCountry "TUR"]
[SourceTitle "playchess.com"]
[Source "ChessBase"]
[SourceQuality "1"]
[TimeControl "40/5400+30:1800+30"]

1. e4 {[%emt 0:00:30]} c5 {[%emt 0:01:30]} 2. Nf3 {[%emt 0:00:30]} Nf6 {[%emt 0:00:00]} 3. e5 {[%emt 0:00:30]} Nd5 {[%emt 0:00:00]} 4. g3 {[%emt 0:04:30]} Nc6 {[%emt 0:00:30]} 5. Bg2 {[%emt 0:01:30]} e6 {[%emt 0:00:00] B29: Sicilian: 2 Nf3 Nf6 (Nimzowitsch Variation)} 6. O-O {[%emt 0:00:30]} Qc7 {[%emt 0:00:00]} (6... d6 7. exd6 Bxd6 8. d4 O-O 9. c4 Nb6 10. dxc5 Bxc5 11. Qe2 e5 12. Nc3 Bg4 13. Be3 Bxe3 14. fxe3 Qe7 15. h3 {1-0 (56) Gharamian,T (2626)-Vocaturo,D (2600) Bastia 2016}) 7. Re1 {[%emt 0:00:30]} h6 $146 {[%emt 0:00:30]} ({Predecessor:} 7... d6 8. exd6 Bxd6 9. Na3 Be7 10. d4 cxd4 11. Nb5 Qb6 12. Nfxd4 O-O 13. c4 Nxd4 14. Nxd4 {1-0 (49) Hendriks,W (2420)-Kuling,L (2218) Dieren 2007}) 8. c3 {[%emt 0:02:30]} b6 {[%emt 0:04:30]} 9. d4 {[%emt 0:02:30]} cxd4 {[%emt 0:00:30]} 10. cxd4 {[%emt 0:00:30]} Bb7 {[%emt 0:00:00]} 11. a3 {[%emt 0:00:30]} Be7 {[%emt 0:00:00]} 12. Nbd2 {[%emt 0:00:30]} Rc8 {[%emt 0:00:30]} 13. Ne4 {[%emt 0:06:30]} O-O {[%emt 0:02:30]} 14. Bd2 {[%emt 0:05:30]} Qb8 {[%emt 0:01:30]} 15. Rc1 {[%emt 0:02:30]} Qa8 {[%emt 0:00:30]} 16. b4 {[%emt 0:18:30]} f5 {[%emt 0:00:00]} 17. Nd6 {[%emt 0:11:30]} Bxd6 {[%emt 0:01:00]} 18. exd6 {[%emt 0:00:30]} Qb8 {[%emt 0:02:30]} 19. Ne5 {[%emt 0:01:30]} Nxe5 {[%emt 0:07:30]} 20. dxe5 {[%emt 0:00:30]} Rxc1 {[%emt 0:00:00]} 21. Bxc1 {[%emt 0:01:30]} Nc3 {[%emt 0:02:00]} 22. Qh5 {[%emt 0:02:30]} Bxg2 {[%emt 0:02:30]} 23. Kxg2 {[%emt 0:00:30]} Kh7 {[%emt 0:01:30]} 24. Bd2 {[%emt 0:03:30]} Qb7+ {[%emt 0:01:30]} 25. Kg1 {[%emt 0:05:30] [#]} (25. Qf3 $142 Ne4 26. Bc3) 25... Nd5 $2 {[%emt 0:01:30]} (25... Nb5 $1 $17 26. Be3 Nxa3) 26. Rc1 {[%emt 0:04:30]} Qa6 {[%emt 0:08:30]} 27. Qf3 {[%emt 0:01:30]} Rc8 {[%emt 0:06:30]} 28. Rxc8 {[%emt 0:05:03]} Qxc8 {[%emt 0:00:00]} 29. Qd3 {[%emt 0:00:05]} g6 {[%emt 0:04:00]} 30. h3 {[%emt 0:06:54]} Kg7 {[%emt 0:02:30]} 31. h4 {[%emt 0:07:42]} a6 {[%emt 0:01:30]} 32. a4 {[%emt 0:03:26]} h5 {[%emt 0:03:30]} 33. f3 {[%emt 0:00:23]} Kf7 {[%emt 0:01:30]} 34. g4 {[%emt 0:01:27]} Ke8 {[%emt 0:00:30]} 35. gxh5 {[%emt 0:00:30]} gxh5 {[%emt 0:00:00]} 36. Qe2 {[%emt 0:00:21]} Kf7 {[%emt 0:02:00]} 37. Qg2 $17 {[%emt 0:00:29]} (37. Qd3 $11 {keeps the balance.}) 37... f4 {[%emt 0:03:30]} 38. Qg5 {[%emt 0:00:54]} Qg8 {[%emt 0:00:30]} 39. Qxg8+ {[%emt 0:00:34]} Kxg8 {[%emt 0:00:30]} 40. Kf2 {[%emt 0:00:30]} Kf7 {[%emt 0:00:00]} 41. Ke2 {[%emt 0:05:42]} Kg6 {[%emt 0:00:00]} 42. Kd3 {[%emt 0:00:30]} Kf5 {[%emt 0:00:30]} 43. Kd4 {[%emt 0:00:30]} Ne3 {[%emt 0:00:00]} 44. a5 {[%emt 0:08:11]} bxa5 {[%emt 0:00:00]} 45. bxa5 {[%emt 0:00:00]} Ng2 {[%emt 0:00:30]} 46. Kc5 {[%emt 0:00:52]} Nxh4 {[%emt 0:00:00]} 47. Kb6 {[%emt 0:01:04]} Nxf3 {[%emt 0:00:00]} 48. Kxa6 {[%emt 0:00:27]} Nxd2 {[%emt 0:00:00]} 49. Kb5 {[%emt 0:01:08]} f3 {[%emt 0:00:00]} 0-1

[Event "World Junior U20 Open 2018"]
[Site "Gebze"]
[Date "2018.09.13"]
[Round "9.81"]
[White "Maltezeanu, Stefan"]
[Black "Helander, Benjamin"]
[Result "1-0"]
[WhiteElo "2089"]
[BlackElo "1994"]
[Annotator "NA"]
[PlyCount "75"]
[EventDate "2018.09.05"]
[EventType "swiss"]
[EventCountry "TUR"]
[SourceTitle "playchess.com"]
[Source "ChessBase"]
[SourceQuality "1"]
[TimeControl "40/5400+30:1800+30"]

1. e4 {[%emt 0:00:30]} c6 {[%emt 0:00:30]} 2. d4 {[%emt 0:00:30]} d5 {[%emt 0:00:00]} 3. Nc3 {[%emt 0:00:00]} dxe4 {[%emt 0:00:00]} 4. Nxe4 {[%emt 0:00:00]} Bf5 {[%emt 0:00:00] LiveBook: 12992 Games} 5. Ng3 {[%emt 0:00:00]} Bg6 {[%emt 0:00:00]} 6. h4 {[%emt 0:00:00]} h6 {[%emt 0:00:30]} 7. Nf3 {[%emt 0:00:30]} Nd7 {[%emt 0:00:30]} 8. h5 {[%emt 0:00:00]} Bh7 {[%emt 0:00:30]} 9. Bd3 {[%emt 0:00:00]} Bxd3 {[%emt 0:00:30]} 10. Qxd3 {[%emt 0:00:00]} e6 {[%emt 0:00:00]} 11. Bd2 {[%emt 0:00:00]} Ngf6 {[%emt 0:00:00]} 12. O-O-O {[%emt 0:00:00]} Be7 {[%emt 0:00:00]} 13. Kb1 {[%emt 0:00:00]} Qb6 {[%emt 0:04:00] B19: Classical Caro-Kann: 4...Bf5 main line} (13... O-O 14. Ne4 c5 15. g4 Nxg4 16. Qe2 Qb6 17. Ne5 Ndxe5 18. dxe5 f5 19. exf6 Nxf6 20. Nc3 Rad8 21. Rhg1 Kh8 22. Rg6 {½-½ (38) Saric,I (2662)-Nisipeanu,L (2672) Heraklio 2017}) 14. Ne4 {[%emt 0:01:30]} Nxe4 {[%emt 0:00:30]} 15. Qxe4 {[%emt 0:00:30]} Nf6 {[%emt 0:00:00]} 16. Qe2 {[%emt 0:00:30]} O-O-O {[%emt 0:05:00]} 17. c4 {[%emt 0:01:30]} Kb8 $146 {[%emt 0:03:30]} ({Predecessor:} 17... c5 18. Bc3 cxd4 19. Bxd4 Qa5 20. Ne5 Rhf8 21. g4 {1-0 (55) Georgiev,N (1574)-Dimitrov,D (2015) Ruse 2017}) 18. Bc3 {[%emt 0:00:30]} Bb4 {[%emt 0:03:30]} 19. Bxb4 {[%emt 0:05:30]} Qxb4 {[%emt 0:00:30]} 20. Ne5 {[%emt 0:00:30]} Qe7 {[%emt 0:03:30]} 21. Rh3 {[%emt 0:01:30]} Rd6 {[%emt 0:10:30]} 22. Rg3 {[%emt 0:04:30]} Rg8 {[%emt 0:00:30]} 23. Rb3 {[%emt 0:05:30]} Ka8 {[%emt 0:01:30]} 24. Rbd3 {[%emt 0:04:30]} Rgd8 {[%emt 0:04:30]} 25. Qf3 {[%emt 0:02:30]} Rf8 {[%emt 0:06:30]} 26. g4 {[%emt 0:09:30]} Nd7 {[%emt 0:05:30]} 27. c5 {[%emt 0:02:30]} Rd5 {[%emt 0:00:00]} 28. Nc4 {[%emt 0:00:30]} f5 $2 {[%emt 0:23:00]} (28... g6 $11 {and Black is okay.}) 29. g5 {[%emt 0:01:30]} hxg5 {[%emt 0:01:30]} 30. Ne3 {[%emt 0:01:30]} g4 {[%emt 0:02:30]} 31. Nxd5 {[%emt 0:00:30]} exd5 {[%emt 0:00:30]} 32. Qf4 {[%emt 0:01:30]} Qe4 {[%emt 0:04:30]} 33. Qd6 {[%emt 0:02:30]} Rf7 {[%emt 0:00:30] [#]} 34. Qg6 $1 {[%emt 0:02:30]} Re7 {[%emt 0:04:13]} 35. a3 {[%emt 0:02:30]} Nf6 {[%emt 0:01:23]} 36. h6 {[%emt 0:04:30]} f4 {[%emt 0:02:11]} 37. Qg5 $18 {[%emt 0:00:30]} Nh7 {[%emt 0:01:38]} 38. hxg7 {[%emt 0:01:30]} 1-0

[Event "World Junior U20 Open 2018"]
[Site "Gebze"]
[Date "2018.09.13"]
[Round "9.82"]
[White "Nurgaliyev, Sauat"]
[Black "Fleri, Matthew"]
[Result "1/2-1/2"]
[WhiteElo "1685"]
[BlackElo "1625"]
[Annotator "NA"]
[PlyCount "114"]
[EventDate "2018.09.05"]
[EventType "swiss"]
[EventCountry "TUR"]
[SourceTitle "playchess.com"]
[Source "ChessBase"]
[SourceQuality "1"]
[TimeControl "40/5400+30:1800+30"]

1. b3 {[%emt 0:00:30]} d5 {[%emt 0:04:30]} 2. Bb2 {[%emt 0:00:00]} Nf6 {[%emt 0:00:30]} 3. e3 {[%emt 0:01:00]} c5 {[%emt 0:00:30]} 4. Nf3 {[%emt 0:00:00]} Nc6 {[%emt 0:00:30]} 5. Be2 {[%emt 0:01:00]} e6 {[%emt 0:03:30]} 6. O-O {[%emt 0:02:30]} Bd6 {[%emt 0:00:30]} 7. d4 {[%emt 0:00:30]} O-O {[%emt 0:01:30]} 8. h3 {[%emt 0:03:30]} h6 {[%emt 0:05:30]} 9. Re1 {[%emt 0:03:30]} b6 {[%emt 0:04:30]} 10. c3 {[%emt 0:04:30]} Bb7 {[%emt 0:03:30]} 11. Nbd2 {[%emt 0:03:30]} Re8 {[%emt 0:05:30]} 12. c4 {[%emt 0:14:30]} Rc8 {[%emt 0:05:30]} 13. Bd3 {[%emt 0:05:30]} Nb4 {[%emt 0:20:30]} 14. Bb1 {[%emt 0:01:30]} Nc6 {[%emt 0:04:30]} 15. e4 {[%emt 0:02:30]} Bf4 {[%emt 0:17:31]} 16. exd5 {[%emt 0:07:30]} exd5 {[%emt 0:03:18]} 17. Rxe8+ {[%emt 0:02:30]} Qxe8 {[%emt 0:03:41]} 18. dxc5 {[%emt 0:01:30]} bxc5 {[%emt 0:00:50]} 19. Bxf6 {[%emt 0:01:30]} gxf6 {[%emt 0:00:12]} 20. cxd5 {[%emt 0:01:30]} Ne5 {[%emt 0:04:19]} 21. Bf5 {[%emt 0:09:30]} Rd8 {[%emt 0:02:32]} 22. Ne4 {[%emt 0:19:10]} Nxf3+ {[%emt 0:00:38]} 23. Qxf3 {[%emt 0:00:30]} Qe5 {[%emt 0:00:30]} 24. Qg4+ {[%emt 0:00:30]} Kf8 {[%emt 0:00:34]} 25. Rf1 {[%emt 0:05:58]} Rxd5 {[%emt 0:01:14]} 26. Bh7 {[%emt 0:01:27]} Rd4 {[%emt 0:00:27]} 27. f3 {[%emt 0:01:57]} h5 {[%emt 0:01:58]} 28. Qf5 {[%emt 0:01:18]} Qxf5 {[%emt 0:00:54]} 29. Bxf5 {[%emt 0:00:01]} Bxe4 {[%emt 0:00:10]} 30. Bxe4 {[%emt 0:00:54]} Rd2 {[%emt 0:00:11]} 31. a4 {[%emt 0:00:54]} Rb2 {[%emt 0:00:23]} 32. Rb1 {[%emt 0:00:55]} Rxb1+ {[%emt 0:00:30]} 33. Bxb1 {[%emt 0:00:00]} Ke7 {[%emt 0:00:25]} 34. Kf2 {[%emt 0:00:01]} Kd6 {[%emt 0:00:00]} 35. Ke2 {[%emt 0:01:05]} Ke5 {[%emt 0:00:00]} 36. Kd3 {[%emt 0:02:04]} Kd5 {[%emt 0:00:08]} 37. Ba2 {[%emt 0:00:35]} Ke5 {[%emt 0:02:04]} 38. Kc4 {[%emt 0:00:42]} Be3 {[%emt 0:00:37]} 39. b4 {[%emt 0:01:10]} cxb4 {[%emt 0:00:33]} 40. Kxb4 {[%emt 0:00:30]} Bd2+ {[%emt 0:00:00]} 41. Kb5 {[%emt 0:00:19]} h4 {[%emt 0:00:51]} 42. Bxf7 {[%emt 0:00:30]} Kf4 {[%emt 0:00:30]} 43. Kc4 {[%emt 0:00:30]} Kg5 {[%emt 0:00:30]} 44. Kd3 {[%emt 0:03:30]} Bf4 {[%emt 0:01:30]} 45. Be6 {[%emt 0:00:30]} Be5 {[%emt 0:00:30]} 46. Ke4 {[%emt 0:00:30]} Bf4 {[%emt 0:00:30]} 47. Bf5 {[%emt 0:00:30]} Be5 {[%emt 0:00:30]} 48. Bg4 {[%emt 0:00:30]} Bf4 {[%emt 0:00:30]} 49. Bc8 {[%emt 0:00:30]} Be5 {[%emt 0:00:00]} 50. a5 {[%emt 0:00:30]} Bf4 {[%emt 0:00:00]} 51. a6 {[%emt 0:00:30]} Be5 {[%emt 0:00:30]} 52. Bg4 {[%emt 0:00:30]} Bf4 {[%emt 0:00:30]} 53. Bf5 {[%emt 0:00:00]} Be5 {[%emt 0:00:30]} 54. Bg4 {[%emt 0:00:00]} Bf4 {[%emt 0:00:30]} 55. Bf5 {[%emt 0:00:30]} Be5 {[%emt 0:00:00]} 56. Bg4 {[%emt 0:00:30]} Bf4 {[%emt 0:00:00]} 57. Bf5 {[%emt 0:00:30]} Be5 {[%emt 0:00:00]} 1/2-1/2